000 00700nam a22002177a 4500
005 20100811133228.0
010 _aENG-99484
020 _c85.00
_a9788190860116
035 _aEN-83016
037 _bDBAD/PUB
082 _a512.02
100 _aGeetha, S.
_912377
245 _aModern algebra /
_cby S.Geetha
260 _aMadurai
_bRadhai Publications
_c2008
270 _a6, Shanthi Nagar
_bMadurai
_e625018
300 _a127p.
_c20cm (pbk)
650 _aAlgebra, abstracts
_912378
700 _910878
942 _2ddc
_cEN
_h512.02
_mGEE
999 _c40965
_d40965